000 01112nam a22002657a 4500
003 OSt
005 20210310152635.0
008 210310s2004 ck ado|gr|||| 00| 0 spa d
020 _a9589716857
040 _aCO-JMCR
_cCO-JMCR
041 0 _aspa
082 0 4 _223
_a333.716 /
_bR696d
100 1 _aRodríguez Becerra, Manuel,
_eautor
_914686
245 1 0 _aDesempeño ambiental :
_bdel sector palmero en Colombia : evaluación y perspectiva /
_cManuel Rodríguez Becerra, Bart Van Hoof
260 _aBogotá :
_bFedepalma,
_c2004
300 _a157 páginas :
_bilustraciones, gráficos y fotografías a color ;
_c24 cm.
504 _aBibliografía : páginas 149.
505 _aEvolución del tema ambiental -- Evolución, estado y tendencias de la gestión ambiental -- Perspectivas de la gestión ambiental --
650 2 4 _aAceite de palma
_xAspectos ambientales
_zColombia
_914687
650 2 4 _aEstudio de casos
_zColombia
_914688
650 2 4 _aGestión ambiental
_zColombia
_914689
650 2 4 _aPalma africana
_xCultivo
_zColombia
_914690
700 1 _aVan Hoof, Bart,
_eautor
_914691
942 _2ddc
_cBK
999 _c7529
_d7529